Metodologie a organizace dlouhodobého prognózování a plánování závěrečná výzkumná zpráva za léta 1976-1980
Guardado en:
| Autor principal: | |
|---|---|
| Otros Autores: | |
| Formato: | Libro |
| Lenguaje: | checo |
| Publicado: |
Praha
Výzkumný ústav plánování a řízení národního hospodářství
1980
|
| Colección: | Výzkumná práce
č. 89 |
| Etiquetas: |
Sin Etiquetas, Sea el primero en etiquetar este registro!
|
MARC
| LEADER | 00000nam a2200000 4500 | ||
|---|---|---|---|
| 001 | c142258 | ||
| 005 | 20181203150525.3 | ||
| 041 | 0 | |a cze | |
| 044 | |a CZ | ||
| 245 | 1 | 0 | |a Metodologie a organizace dlouhodobého prognózování a plánování |b závěrečná výzkumná zpráva za léta 1976-1980 |c Josef Mervart, Jiří Šimek |
| 264 | 1 | |a Praha |b Výzkumný ústav plánování a řízení národního hospodářství |c 1980 | |
| 300 | |a 71 s. | ||
| 490 | 1 | |a Výzkumná práce |v č. 89 | |
| 830 | 0 | |a Výzkumná práce |v č. 89 | |
| 100 | 1 | |a Mervart, Josef | |
| 700 | 1 | |a Šimek, Jiří | |